|
|
|
|
| LEADER |
00901cam a2200289 7i4500 |
| 001 |
0000134717 |
| 005 |
20191229090000.0 |
| 008 |
191218t20182018nyu# ### #00001eng## |
| 020 |
# |
# |
|a 9781506362618
|
| 040 |
# |
# |
|a UMT
|
| 090 |
0 |
# |
|a HT 321
|b .S27 2018
|
| 100 |
1 |
# |
|a Sassen, Saskia
|e author
|
| 245 |
1 |
0 |
|a Cities in a world economy
|c Saskia Sassen.
|
| 250 |
# |
# |
|a Fifth Edition.
|
| 264 |
# |
1 |
|a Thousand Oaks,CA:
|b SAGE Publications,
|c [2018].
|
| 264 |
# |
4 |
|c ♭2018.
|
| 300 |
# |
# |
|a 411 pages:
|b illustrations;
|c 23 cm.
|
| 336 |
# |
# |
|a text
|2 rdacontent
|
| 337 |
# |
# |
|a unmediated
|2 rdamedia
|
| 338 |
# |
# |
|a volume
|2 rdacarrier
|
| 504 |
# |
# |
|a Includes bibliographical references and index
|
| 590 |
# |
# |
|a Fakulti Pengajian Maritim
|
| 650 |
# |
0 |
|a Cities and towns
|
| 650 |
# |
0 |
|a Metropolitan areas
|
| 650 |
# |
0 |
|a Sociology, Urban.
|
| 650 |
# |
0 |
|a Urban economics
|
| 999 |
|
|
|a 1100108250
|b Book
|c Open Shelf
|e KOLEKSI TERBUKA
|